| 000 | 00494nam a2200181Ia 4500 | ||
|---|---|---|---|
| 001 | 20705 | ||
| 005 | 20260306172825.0 | ||
| 008 | 260306t2021||||xx |||||||||||||| ||spa|| | ||
| 041 | _aESP | ||
| 082 |
_a343.7 _bD84A |
||
| 100 |
_aDivisión de Estudios Jurídicos de Gaceta Jurídica _eAUT |
||
| 245 | 0 | _aLos procedimientos administrativos especiales en sus documentos | |
| 260 | _c2021 | ||
| 300 |
_a461 páginas : _c25 cm. |
||
| 650 | _aGEN | ||
| 654 | _aCDE | ||
| 942 |
_cLIB _dJUS _fJUS _2ddc _n |
||
| 999 |
_c20705 _d20705 |
||